Estatísticas para Cultura Geral

Clique aqui para jogar o quiz

Estatísticas Gerais

  • Esse quiz foi jogado 25 vezes
  • A pontuação média é 7 de 15

Estatísticas das Respostas

HintResposta% Correto
Qual é a fórmula química da água?H2O
91%
Que parte do corpo de Dumbo era maior que o normal?Orelhas
77%
Que filme é sobre um fantoche que quer se tornar um menino de verdade?Pinóquio
73%
Como se diz adeus e olá em italiano?Ciao
55%
Qual é o nome da equipa de futebol de Turim , em Itália?Juventus
50%
Qual das princesas da Disney é uma nativa americana?Pocahontas
50%
Que banda famosa de três irmãos teve início na Disney?Jonas Brothers
45%
Em "A Bela e a Fera", em que objeto doméstico a Sra. Potts, a cozinheira da casa, se transformou?Bule de chá
41%
Que tipo de animal é Robin Hood no filme de 1973?Raposa
41%
Em que ilha teve origem o termo "máfia"?Sicília
41%
O que significa a palavra alemã "Danke" em português?Obrigada
32%
Quem interpretou o personagem Jacob Black na saga Twilight?Taylor Lautner
18%
Quem canta a música "I Still Haven't Found What I'm Looking For"?U2
18%
Qual filme de 2010 foi vagamente baseado na história de Rapunzel?Tangled
14%
Qual é o nome da linha geográfica que atravessa o Observatório Real em Greenwich, Londres?Merediano
5%

Distribuição das Pontuações

Percentil de Números Respondidos

Porcentagem de Pessoas com Cada Pontuação

Sua Pontuação Histórica

Você não jogou esse quiz